[Event "It \"]
[Site "Martuni (Armenia)"]
[Date "2007.07.09"]
[Round "4"]
[White "Petrosian Tigran L (ARM)"]
[Black "Macieja Bartlomiej (POL)"]
[Result "1-0"]
[WhiteElo "2580"]
[BlackElo "2616"]
[PlyCount "105"]
[EventDate "2007.??.??"]
[Source "www.chesslib.no"]
[SourceDate "2004.05.04"]

1. e4 c6 2. Nf3 d5 3. exd5 cxd5 4. Ne5 Nf6 5. d4 Nc6 6. c3 Bf5 7. g4 Be4 8. f3 Bg6 9. Qa4 Qb6 10. h4 Nd7 11. Nxd7 Kxd7 12. h5 Bxb1 13. Rxb1 e5 14. dxe5 Re8 15. f4 f6 16. Bg2 fxe5 17. f5 e4 18. Qb3 Qxb3 19. axb3 d4 20. cxd4 Nxd4 21. Kf2 Nxb3 22. Rd1+ Kc7 23. Bf4+ Kb6 24. Rd7 a5 25. Be3+ Kc6 26. Rf7 h6 27. Rd1 Nc5 28. f6 gxf6 29. Rxf6+ Re6 30. Rxe6+ Nxe6 31. Bxe4+ Kc7 32. Rc1+ Kd7 33. Bf5 Bg7 34. Rd1+ Ke7 35. Re1 Rc8 36. Bxh6 Bd4+ 37. Be3 Bf6 38. g5 Bxb2 39. Bxe6 Kxe6 40. Bd4+ Kf5 41. Re5+ Kg4 42. Bxb2 Kxh5 43. Rb5 Ra8 44. Bf6 Ra7 45. Ke3 a4 46. Kd3 a3 47. Rb1 b5 48. Rh1+ Kg6 49. Kc3 Rh7 50. Rxh7 Kxh7 51. Kb3 b4 52. Kxb4 a2 53. Ka3 1-0

[Event "Bad Homburg"]
[Site "Bad Homburg"]
[Date "1998.07.24"]
[Round "7"]
[White "Torre, Eugenio"]
[Black "Dautov, Rustem"]
[Result "1-0"]
[WhiteElo "2560"]
[BlackElo "2600"]
[PlyCount "105"]
[EventDate "1998.07.17"]
[Source "ChessBase"]
[SourceDate "1998.09.30"]

1. e4 c6 2. Nf3 d5 3. Nc3 Nf6 4. e5 Ne4 5. Ne2 Bf5 6. d3 Nc5 7. d4 Nca6 8. Ng3 Bg6 9. Nh4 e6 10. Nxg6 hxg6 11. c3 c5 12. a3 Nc6 13. b4 cxb4 14. axb4 Nab8 15. Bd3 Nd7 16. O-O Be7 17. Re1 a6 18. Qg4 Rh4 19. Qe2 b5 20. Nf1 Qc8 21. g3 Rh8 22. Bd2 Nb6 23. Ne3 Qb7 24. Ra2 Kd7 25. Qf3 Rhf8 26. Rea1 Kc7 27. h4 Qc8 28. Ng2 Kb7 29. Nf4 Qd7 30. Bf1 Nc4 31. Bc1 Rfc8 32. Qg4 Bf8 33. Bg2 Nb6 34. Bd2 Qe8 35. Bf1 Nc4 36. Bc1 Ne7 37. Nd3 Nc6 38. Qf3 a5 39. bxa5 Rxa5 40. Rxa5 N6xa5 41. Rb1 Kc7 42. Nf4 Qd7 43. Nh3 Kb6 44. Nf4 Ba3 45. Bxa3 Nxa3 46. Ra1 N3c4 47. Qd1 Rc7 48. Nd3 Qe7 49. Nc5 Rxc5 50. dxc5+ Qxc5 51. Bxc4 Nxc4 52. Ra8 Qc6 53. Qd4+ 1-0

[Event "Jakarta"]
[Site "Jakarta"]
[Date "1996.??.??"]
[Round "?"]
[White "Hodgson, Julian M"]
[Black "Adianto, Utut"]
[Result "0-1"]
[WhiteElo "2550"]
[BlackElo "2605"]
[PlyCount "52"]
[EventDate "1996.08.28"]
[Source "ChessBase"]
[SourceDate "1997.04.10"]

1. e4 c6 2. Ne2 d5 3. e5 g6 4. d4 Bg7 5. Nf4 f6 6. exf6 Nxf6 7. Bd3 O-O 8. O-O Qd6 9. c4 Ng4 10. g3 Bxd4 11. cxd5 Nxf2 12. Rxf2 cxd5 13. Nc3 e5 14. Nb5 Bxf2+ 15. Kxf2 Qd8 16. Qf3 Nc6 17. Kg2 exf4 18. Bxf4 Ne5 19. Qe3 Nxd3 20. Qxd3 Bf5 21. Qd4 Be4+ 22. Kg1 Rxf4 23. gxf4 Qd7 24. Nc3 Qg4+ 25. Kf2 Qg2+ 26. Ke1 Re8 0-1

[Event "XXIII Open"]
[Site "Cappelle la Grande FRA"]
[Date "2007.03.05"]
[Round "3"]
[White "Abergel, T."]
[Black "Gagunashvili, M."]
[Result "1/2-1/2"]
[WhiteElo "2475"]
[BlackElo "2611"]
[PlyCount "39"]
[EventDate "2007.03.03"]
[Source "www.chesslib.no"]
[SourceDate "2004.05.04"]

1. e4 c6 2. Ne2 d5 3. e5 d4 4. b4 a5 5. Bb2 d3 6. Nf4 dxc2 7. Qxc2 e6 8. b5 Ne7 9. Nc3 Ng6 10. Nxg6 hxg6 11. Be2 cxb5 12. Nxb5 Nc6 13. O-O Be7 14. a3 O-O 15. Rfb1 Bd7 16. Bc3 Nb8 17. Nd4 Ra7 18. Nb5 Ra8 19. Nd4 Ra7 20. Nb5 1/2-1/2

[Event "ARM-ch"]
[Site "Yerevan"]
[Date "2001.09.21"]
[Round "9"]
[White "Minasian, Ara"]
[Black "Asrian, Karen"]
[Result "0-1"]
[WhiteElo "2480"]
[BlackElo "2604"]
[PlyCount "78"]
[EventDate "2001.09.13"]
[Source "ChessBase"]
[SourceDate "2001.02.01"]

1. d3 d5 2. Nf3 c6 3. Nbd2 g6 4. g3 Bg7 5. Bg2 e5 6. e4 Ne7 7. O-O O-O 8. Re1 d4 9. c3 dxc3 10. bxc3 c5 11. Ba3 b6 12. d4 exd4 13. cxd4 Nbc6 14. dxc5 bxc5 15. Bxc5 Bg4 16. h3 Bxf3 17. Nxf3 Qa5 18. Rc1 Bb2 19. Rc4 Rfd8 20. Qe2 Ba3 21. Bxa3 Qxa3 22. e5 Rab8 23. Ng5 Rb2 24. Qg4 Qa5 25. Rce4 h6 26. Nf3 Qxa2 27. Rf1 Rb1 28. Ree1 Rb4 29. Re4 Qa4 30. Rfe1 Rxe4 31. Rxe4 Rd1+ 32. Kh2 Qc2 33. Qf4 Qxf2 34. e6 f5 35. Rc4 Qe2 36. Rxc6 Nxc6 37. Qxh6 Ne7 38. Qf4 Qxe6 39. Ng5 Qb6 0-1

[Event "Chigorin mem"]
[Site "St Petersburg"]
[Date "1998.11.07"]
[Round "7"]
[White "Balashov, Yuri S"]
[Black "Ovetchkin, Roman"]
[Result "1/2-1/2"]
[WhiteElo "2580"]
[BlackElo "2485"]
[PlyCount "21"]
[EventDate "1998.10.31"]
[Source "ChessBase"]
[SourceDate "1999.01.01"]

1. e4 c6 2. Nf3 d5 3. Nc3 dxe4 4. Nxe4 Nf6 5. Ng3 c5 6. b3 g6 7. Bb2 Bg7 8. Bb5+ Nbd7 9. O-O O-O 10. Re1 a6 11. Bf1 1/2-1/2

[Event "tt Clare Benedict"]
[Site "Menorca tt Clare Benedict"]
[Date "1974.??.??"]
[Round "?"]
[White "Larsen, Bent"]
[Black "Pomar Salamanca, Arturo"]
[Result "1-0"]
[WhiteElo "2630"]
[BlackElo "2425"]
[PlyCount "81"]
[EventDate "1974.??.??"]
[Source "www.chesslib.no"]
[SourceDate "2004.05.04"]

1. e4 c6 2. Ne2 d5 3. e5 Bf5 4. Nd4 Qd7 5. Nxf5 Qxf5 6. d4 Qd7 7. Be3 e6 8. c3 Ne7 9. f4 Nf5 10. Bf2 h5 11. Nd2 Be7 12. Bd3 g6 13. O-O Qc7 14. b4 Nd7 15. a4 O-O 16. Qe2 Rfe8 17. Nf3 a6 18. h3 a5 19. b5 cxb5 20. Bxb5 Red8 21. Rfc1 Nb6 22. Rab1 Nc4 23. Bxc4 dxc4 24. Rb5 Rd5 25. Qb2 Qc6 26. Rb1 Rb8 27. Nd2 g5 28. fxg5 Bxg5 29. Nf3 Be7 30. Qe2 Rbd8 31. Rxb7 Bb4 32. R7xb4 axb4 33. Rxb4 Ra5 34. Ng5 Ng7 35. Qc2 f5 36. exf6 Rxg5 37. Bh4 Rf5 38. f7+ Rxf7 39. Bxd8 Qd6 40. Bh4 Qf4 41. Qf2 1-0

[Event "NOR-ch"]
[Site "Roros"]
[Date "2002.07.13"]
[Round "9"]
[White "Djurhuus, Rune"]
[Black "Agdestein, Simen"]
[Result "1/2-1/2"]
[WhiteElo "2480"]
[BlackElo "2574"]
[PlyCount "40"]
[EventDate "2002.07.06"]
[Source "ChessBase"]
[SourceDate "2002.09.11"]

1. e4 c6 2. Ne2 d5 3. e5 c5 4. d4 Nc6 5. c3 cxd4 6. cxd4 Bf5 7. Nbc3 e6 8. Ng3 Bg6 9. Bb5 Nge7 10. O-O a6 11. Ba4 Rc8 12. Be3 b5 13. Bb3 Na5 14. Bc2 Nec6 15. Rc1 Nc4 16. b3 Nxe3 17. fxe3 Ba3 18. Bxg6 hxg6 19. Rb1 Nxe5 20. Nxb5 axb5 1/2-1/2

[Event "RUS-ch"]
[Site "Elista"]
[Date "1994.??.??"]
[Round "5"]
[White "Rashkovsky, Nukhim N"]
[Black "Kharitonov, Andrei Y"]
[Result "1/2-1/2"]
[WhiteElo "2510"]
[BlackElo "2535"]
[PlyCount "22"]
[EventDate "1994.09.??"]
[Source "ChessBase"]

1. e4 c6 2. Nf3 d5 3. d3 dxe4 4. dxe4 Qxd1+ 5. Kxd1 Bg4 6. Be2 Nd7 7. Nd4 Bxe2+ 8. Kxe2 e5 9. Nb3 Ngf6 10. f3 Nc5 11. Nxc5 Bxc5 1/2-1/2

[Event "Tan Chin Nam"]
[Site "Beijing"]
[Date "1998.06.18"]
[Round "11"]
[White "Tong Yuanming"]
[Black "Magem Badals, Jordi"]
[Result "0-1"]
[WhiteElo "2505"]
[BlackElo "2535"]
[PlyCount "80"]
[EventDate "1998.06.08"]
[Source "ChessBase"]
[SourceDate "1998.09.30"]

1. e4 c6 2. f4 d5 3. e5 h5 4. Be2 Qb6 5. d4 g6 6. c3 Nh6 7. Nd2 Bg4 8. Bxg4 hxg4 9. Nf1 e6 10. h3 Nf5 11. Qxg4 c5 12. dxc5 Bxc5 13. Ne2 Bf2+ 14. Kd1 Nc6 15. Nfg3 Ne3+ 16. Bxe3 Qxe3 17. Qf3 Qxf3 18. gxf3 Rh4 19. Nf1 O-O-O 20. Kd2 d4 21. Rh2 dxc3+ 22. Kxc3 Bb6 23. Rc1 Kb8 24. Kb3 Ba5 25. Kc2 Nb4+ 26. Kb1 Nd3 27. Rd1 Nxf4 28. Rxd8+ Bxd8 29. Nxf4 Rxf4 30. Nd2 Bc7 31. Re2 Rf5 32. Kc2 Bxe5 33. b4 Bc7 34. a3 a5 35. Re3 axb4 36. axb4 Bf4 37. Rc3 Rh5 38. Ne4 Rxh3 39. Nf6 Rh2+ 40. Kb1 Rd2 0-1

[Event "AUT-chT 0001"]
[Site "Austria"]
[Date "2000.11.18"]
[Round "4.32"]
[White "Van der Wiel, John TH"]
[Black "Stanec, Nikolaus"]
[Result "1-0"]
[WhiteElo "2558"]
[BlackElo "2479"]
[PlyCount "107"]
[EventDate "2000.10.??"]
[Source "ChessBase"]
[SourceDate "2001.05.06"]

1. e4 c6 2. Nf3 d5 3. Nc3 dxe4 4. Nxe4 Nf6 5. Qe2 Nxe4 6. Qxe4 Nd7 7. Bc4 Nf6 8. Ne5 e6 9. Qe2 Be7 10. O-O O-O 11. Re1 Nd5 12. a4 f6 13. Nf3 Bd6 14. d4 Kh8 15. Bd2 Bd7 16. Bb3 Re8 17. c4 Nf4 18. Qe4 Ng6 19. c5 Bc7 20. h4 Nf8 21. Bc4 Qe7 22. b4 Qf7 23. Bf4 Bxf4 24. Qxf4 Ng6 25. Qc7 Rab8 26. Re3 Nf8 27. Rae1 Rbc8 28. Qxb7 Rb8 29. Qxa7 Rxb4 30. Ba2 Reb8 31. Qc7 Ra8 32. Bb3 Qe8 33. Ra1 Qb8 34. Qxb8 Raxb8 35. Ra3 Bc8 36. a5 Ra8 37. Bc2 Ba6 38. Reb3 Rab8 39. Rxb4 Rxb4 40. Rb3 Ra4 41. Rb6 Ra1+ 42. Kh2 Bb5 43. Be4 Rxa5 44. Bxc6 Bxc6 45. Rxc6 Kg8 46. Rc8 Ra2 47. c6 Rc2 48. d5 exd5 49. Nd4 Rc4 50. c7 Rxd4 51. Rxf8+ Kxf8 52. c8=Q+ Kf7 53. Qd7+ Kg6 54. Qe8+ 1-0

[Event "Ciocaltea mem"]
[Site "Bucharest"]
[Date "2000.03.04"]
[Round "1"]
[White "Vukovic, Zdravko"]
[Black "Iordachescu, Viorel"]
[Result "0-1"]
[WhiteElo "2475"]
[BlackElo "2560"]
[PlyCount "64"]
[EventDate "2000.03.13"]
[Source "ChessBase"]
[SourceDate "2000.07.27"]

1. e4 c6 2. Ne2 d5 3. e5 c5 4. d4 Nc6 5. c3 Bg4 6. h3 Bf5 7. dxc5 e6 8. b4 a5 9. Nd4 axb4 10. cxb4 Qh4 11. Be3 Bxb1 12. Rxb1 Qe4 13. Qd3 Qxe5 14. Be2 Nf6 15. Nxc6 bxc6 16. b5 Ne4 17. bxc6 Bxc5 18. Bxc5 Nxc5 19. Qc2 Qe4 20. Rc1 Qxg2 21. Qxc5 Qxh1+ 22. Kd2 Rxa2+ 23. Rc2 Qb1 24. Rxa2 Qxa2+ 25. Kd1 Qa1+ 26. Kc2 Qe5 27. Bb5 Qc7 28. Qa3 Rf8 29. Qa8+ Ke7 30. Qa3+ Qd6 31. Qa7+ Kf6 32. Qd4+ Qe5 0-1

[Event "Mondariz zt 1.1"]
[Site "Mondariz"]
[Date "2000.09.11"]
[Round "8"]
[White "Van den Doel, Erik"]
[Black "Magem Badals, Jordi"]
[Result "0-1"]
[WhiteElo "2547"]
[BlackElo "2482"]
[PlyCount "82"]
[EventDate "2000.09.03"]
[Source "ChessBase"]
[SourceDate "2000.11.21"]

1. e4 c6 2. Ne2 d5 3. e5 c5 4. d4 Nc6 5. c3 cxd4 6. cxd4 Bf5 7. Nbc3 e6 8. Ng3 Bg6 9. Bb5 Nge7 10. Bg5 Rc8 11. O-O h6 12. Bh4 a6 13. Bxc6+ Rxc6 14. f4 Qd7 15. Bxe7 Bxe7 16. f5 exf5 17. Qf3 O-O 18. Qxd5 Rd8 19. Qxd7 Rxd7 20. d5 Bc5+ 21. Kh1 Rb6 22. Nxf5 Bxf5 23. Rxf5 Bd4 24. d6 Rxb2 25. Nd5 Re2 26. Raf1 Bxe5 27. Nb6 Rxd6 28. Nc4 Rf6 29. g3 Rxf5 30. Rxf5 f6 31. a4 b5 32. axb5 axb5 33. Na5 b4 34. Rf3 Bc3 35. Rf5 Re5 36. Rxe5 Bxe5 37. Kg2 Kf7 38. Kf3 Ke6 39. Ke4 f5+ 40. Kd3 Kd5 41. Nb3 g5 0-1

[Event "Doeberl Cup"]
[Site "Canberra AUS"]
[Date "1994.??.??"]
[Round "7"]
[White "Solomon, Stephen J"]
[Black "Rogers, Ian"]
[Result "0-1"]
[WhiteElo "2450"]
[BlackElo "2565"]
[PlyCount "98"]
[EventDate "1994.??.??"]
[Source "www.chesslib.no"]
[SourceDate "2004.05.04"]

1. e4 c6 2. Nf3 d5 3. d3 g6 4. Nbd2 Bg7 5. g3 e5 6. Bg2 Ne7 7. O-O O-O 8. Re1 d4 9. a4 c5 10. Nc4 Nec6 11. b3 Na6 12. Bd2 b6 13. Qc1 Nab4 14. Re2 f6 15. Bh6 Be6 16. h4 a6 17. Kh2 b5 18. Nb2 Na5 19. Bd2 Qe7 20. Bxb4 cxb4 21. Bh3 Bf7 22. h5 Rfb8 23. Kg2 Nb7 24. Qd2 Nd8 25. Nh4 Bf8 26. Rh1 Ra7 27. f4 exf4 28. gxf4 Nc6 29. Qe1 g5 30. Nf5 Qc7 31. fxg5 Bxh5 32. Rf2 fxg5 33. Ng3 Bg6 34. Be6+ Kh8 35. Rf6 Ne5 36. Qd2 Bg7 37. Rf2 Qe7 38. Bd5 Rc7 39. Nf5 Bxf5 40. Rxf5 Rbc8 41. Rc1 Ng4 42. Nd1 Qd6 43. Kh3 Ne5 44. Nf2 g4+ 45. Nxg4 Nxg4 46. Kxg4 Bh6 47. e5 Qxd5 48. Qxh6 Qg2+ 49. Kf4 Qd2+ 0-1

[Event "BCSA Open"]
[Site "Batumi"]
[Date "2003.07.19"]
[Round "3"]
[White "Mamedov, Rauf"]
[Black "Kacheishvili, Giorgi"]
[Result "1/2-1/2"]
[WhiteElo "2409"]
[BlackElo "2603"]
[PlyCount "49"]
[EventDate "2003.07.16"]
[Source "Roberto Alvarez"]
[SourceDate "2003.08.25"]

1. e4 c6 2. Nf3 d5 3. exd5 cxd5 4. c4 Nf6 5. cxd5 Nxd5 6. Bc4 Nb6 7. Bb3 Bf5 8. d4 e6 9. O-O Nc6 10. Nc3 Be7 11. d5 exd5 12. Nxd5 Nxd5 13. Qxd5 Qxd5 14. Bxd5 O-O 15. Bxc6 bxc6 16. Be3 a5 17. Rac1 Be4 18. Bc5 Bxc5 19. Rxc5 Rfd8 20. Re1 Bd5 21. b3 a4 22. Nd4 Kf8 23. bxa4 Rxa4 24. Nxc6 Bxc6 25. Rxc6 1/2-1/2

[Event "Hungary HUN"]
[Site "?"]
[Date "2006.02.12"]
[Round "7"]
[White "Czebe Attila"]
[Black "Kallai Gabor"]
[Result "1-0"]
[WhiteElo "2505"]
[BlackElo "2504"]
[PlyCount "107"]
[EventDate "2006.??.??"]
[Source "www.chesslib.no"]
[SourceDate "2004.05.04"]

1. e4 c6 2. Nf3 d5 3. Nc3 dxe4 4. Nxe4 Nd7 5. Bc4 e6 6. d3 Ngf6 7. Bf4 Nb6 8. Bb3 a5 9. a4 Nbd5 10. Bg3 Be7 11. Ne5 O-O 12. Nxf6+ gxf6 13. Nc4 Kh8 14. O-O Rg8 15. Qh5 Rg6 16. Rae1 b6 17. Ne3 Bb7 18. d4 Qd7 19. c4 Nb4 20. Rd1 Rd8 21. Nc2 Rg5 22. Qe2 Rdg8 23. Nxb4 Bxb4 24. Bc2 R8g7 25. Be4 Be7 26. f4 Rg4 27. Bf3 R4g6 28. f5 exf5 29. Rfe1 Bb4 30. Qe8+ Qxe8 31. Rxe8+ Rg8 32. Rxg8+ Rxg8 33. Bc7 Ba6 34. b3 b5 35. cxb5 cxb5 36. d5 bxa4 37. bxa4 Bc8 38. Be2 Bb7 39. Bb5 Be7 40. Bxa5 Bd6 41. Bb6 Rg4 42. Rd4 Rxd4 43. Bxd4 Bxd5 44. a5 Be5 45. Bc5 Bb7 46. a6 Bxa6 47. Bxa6 Kg7 48. Bd3 Kg6 49. g4 Kg5 50. Bxf5 h5 51. Be3+ Kh4 52. Bf2+ Kg5 53. h3 Kf4 54. Kg2 1-0

[Event "Villa Martelli Masters KO"]
[Site "Villa Martelli"]
[Date "2002.04.14"]
[Round "2.1"]
[White "Rodriguez, Andres"]
[Black "Ricardi, Pablo"]
[Result "0-1"]
[WhiteElo "2460"]
[BlackElo "2544"]
[PlyCount "74"]
[EventDate "2002.04.12"]
[Source "ChessBase"]
[SourceDate "2002.08.12"]

1. e4 c6 2. Ne2 d5 3. e5 Bg4 4. f3 Bf5 5. d4 e6 6. g4 Bg6 7. h4 Bb4+ 8. Kf2 h5 9. c3 Ba5 10. Bg5 f6 11. Nf4 Bf7 12. exf6 gxf6 13. Qe2 Qe7 14. Nxh5 fxg5 15. Qe5 Rxh5 16. gxh5 gxh4 17. Rg1 Bc7 18. Qg7 Bg3+ 19. Ke3 Qf6 20. Qxf6 Nxf6 21. h6 Nbd7 22. Bh3 Ke7 23. Nd2 Rh8 24. f4 Nh5 25. Raf1 Rxh6 26. Rf3 Bg6 27. f5 exf5 28. Bxf5 Bxf5 29. Rxf5 Ng7 30. Rff1 Nf6 31. Kd3 Rh5 32. Rf3 Nf5 33. Nf1 Ne4 34. c4 Ke6 35. cxd5+ cxd5 36. Ne3 Nxe3 37. Kxe3 h3 0-1

[Event "TCh-Rep. Srpska, Jahorina BIH"]
[Site "?"]
[Date "2001.??.??"]
[Round "3"]
[White "Vukovic, Zd"]
[Black "Markovic, Miros"]
[Result "0-1"]
[WhiteElo "2450"]
[BlackElo "2535"]
[PlyCount "98"]
[EventDate "2001.??.??"]
[Source "www.chesslib.no"]
[SourceDate "2004.05.04"]

1. e4 c6 2. Ne2 d5 3. e5 c5 4. d4 Nc6 5. c3 Bf5 6. dxc5 Nxe5 7. Nd4 Bd7 8. Qh5 Ng6 9. Qxd5 Qc8 10. Bb5 Bxb5 11. Nxb5 Nf6 12. Qf3 a6 13. Nd4 e5 14. Nf5 e4 15. Qh3 Qxc5 16. O-O Rd8 17. Be3 Qc6 18. Nd2 Rd3 19. Rae1 h5 20. Nd4 Qd7 21. Qxd7+ Kxd7 22. N2b3 Nd5 23. Bc1 h4 24. Rxe4 Rh5 25. Rfe1 Bd6 26. Kf1 Nf6 27. R4e2 Bxh2 28. Be3 Ng4 29. Bd2 Bd6 30. f3 h3 31. gxh3 Nh2+ 32. Rxh2 Bxh2 33. Ke2 Rxd2+ 34. Kxd2 Rxh3 35. Nc5+ Kc7 36. Nd3 Bd6 37. Re2 Nh4 38. Ke3 g5 39. Nf2 Rh2 40. Nd3 Rh1 41. Kf2 Kd7 42. a3 f5 43. Ne5+ Kc8 44. Nf7 Bf4 45. Ne6 Bc1 46. Nd6+ Kb8 47. b4 f4 48. Re5 Be3+ 49. Ke2 Rh2+ 0-1

[Event "Marseille"]
[Site "Marseille FRA"]
[Date "1987.??.??"]
[Round "?"]
[White "Todorcevic, Miodrag"]
[Black "Murey, Jacob I"]
[Result "0-1"]
[WhiteElo "2475"]
[BlackElo "2505"]
[PlyCount "66"]
[EventDate "1987.07.??"]
[Source "www.chesslib.no"]
[SourceDate "2004.05.04"]

1. Nf3 g6 2. g3 Bg7 3. Bg2 e5 4. d3 d5 5. Nbd2 Ne7 6. O-O O-O 7. e4 c6 8. Re1 Nd7 9. b4 a5 10. bxa5 Qxa5 11. Nb3 Qc7 12. a4 Re8 13. Bb2 b6 14. Nfd2 Bb7 15. d4 c5 16. dxc5 Nxc5 17. Nxc5 Qxc5 18. exd5 Bxd5 19. Ne4 Bxe4 20. Bxe4 Rad8 21. Qe2 f5 22. Bd3 e4 23. Bc4+ Kh8 24. Rab1 Bxb2 25. Rxb2 Nc6 26. Qf1 e3 27. Be2 Rd2 28. f3 Nd4 29. Rbb1 Qxc2 30. Rbc1 Qxc1 31. Rxc1 Nxe2+ 32. Kh1 Nxc1 33. Qxc1 e2 0-1

[Event "Corr"]
[Site "?"]
[Date "1998.??.??"]
[Round "6"]
[White "Beaumont David"]
[Black "Kunzmann Hector AT"]
[Result "1-0"]
[WhiteElo "2526"]
[BlackElo "2452"]
[PlyCount "53"]
[EventDate "1998.??.??"]
[Source "www.chesslib.no"]
[SourceDate "2004.05.04"]

1. e4 c6 2. Nf3 d5 3. e5 Bf5 4. d4 e6 5. Be2 c5 6. O-O Nc6 7. c3 Bg4 8. Be3 cxd4 9. cxd4 Nge7 10. Nbd2 Nf5 11. a3 Be7 12. b4 O-O 13. Nb3 f6 14. exf6 Bxf6 15. Rc1 Qb6 16. Nc5 Bxf3 17. Bxf3 Bxd4 18. Bxd4 Nfxd4 19. Nd7 Nxf3+ 20. gxf3 Qd4 21. Nxf8 Qxd1 22. Rfxd1 Rxf8 23. b5 Ne5 24. Rc7 Rxf3 25. Re1 Rf5 26. Kf1 a6 27. b6 1-0

[Event "Ch Uzbekistan"]
[Site "Tashkent (Uzbekistan)"]
[Date "2007.05.14"]
[Round "4"]
[White "Kayumov Sergey (UZB)"]
[Black "Gareev Timur (UZB)"]
[Result "1/2-1/2"]
[WhiteElo "2425"]
[BlackElo "2551"]
[PlyCount "99"]
[EventDate "2007.??.??"]
[Source "www.chesslib.no"]
[SourceDate "2004.05.04"]

1. e4 c6 2. Nf3 d5 3. exd5 cxd5 4. Ne5 Nc6 5. d4 Nf6 6. Bb5 Bd7 7. Bxc6 bxc6 8. O-O e6 9. b3 Be7 10. Ba3 Bxa3 11. Nxa3 Qa5 12. Nb1 c5 13. c4 Rd8 14. cxd5 Nxd5 15. Nd2 Bb5 16. Ndc4 Qc7 17. dxc5 O-O 18. Qg4 Nf6 19. Qf3 Rd5 20. Rfe1 Rxc5 21. Rad1 Rd5 22. Rc1 Qb8 23. Ng4 Nxg4 24. Qxg4 h6 25. Qg3 Qb7 26. Nd6 Qa6 27. Nxb5 Rxb5 28. Qd3 Qa5 29. Red1 Rf5 30. Qd2 Qa3 31. Rc2 Rd5 32. Qc1 Rfd8 33. Rxd5 Rxd5 34. g3 Qd6 35. Rc8+ Kh7 36. Qc6 Qe5 37. Qc2+ f5 38. Kg2 Rd4 39. Qc6 Rd1 40. Qa8 Qb5 41. Rh8+ Kg6 42. Qe8+ Qxe8 43. Rxe8 Rd6 44. Re7 a5 45. Ra7 Rd5 46. Ra6 Kf6 47. Kf3 Re5 48. h4 g5 49. hxg5+ hxg5 50. a4 1/2-1/2

[Event "V Open"]
[Site "Vandoeuvre les Nancy FRA"]
[Date "2008.12.30"]
[Round "9"]
[White "Abergel, T."]
[Black "Velicka, P."]
[Result "1/2-1/2"]
[WhiteElo "2509"]
[BlackElo "2464"]
[PlyCount "122"]
[EventDate "2008.12.26"]
[Source "www.chesslib.no"]
[SourceDate "2004.05.04"]

1. e4 c6 2. Ne2 d5 3. e5 c5 4. d4 Nc6 5. c3 cxd4 6. cxd4 Bf5 7. Ng3 Bxb1 8. Rxb1 Qa5+ 9. Bd2 Qb6 10. Bc3 e6 11. a3 Nge7 12. b4 a6 13. Be2 g6 14. O-O Bh6 15. a4 Qc7 16. Qe1 b6 17. b5 axb5 18. axb5 Na5 19. Bb4 O-O 20. Bd6 Qd7 21. Bd3 Rfc8 22. Qe2 Nb7 23. Bb4 Ra4 24. Qg4 Bg7 25. Qg5 Rc7 26. Rfc1 Rxc1+ 27. Qxc1 Ra7 28. Ra1 Rxa1 29. Qxa1 Qc7 30. Qa3 Nc8 31. Ne2 Na5 32. Nc3 Nc4 33. Qa8 Bf8 34. Bxf8 Kxf8 35. Qc6 Qxc6 36. bxc6 Na7 37. c7 Ke7 38. Bxc4 dxc4 39. d5 exd5 40. Nxd5+ Ke6 41. Nxb6 c3 42. Na4 c2 43. Nc5+ Kxe5 44. Nd3+ Kd4 45. Nc1 Kc3 46. f4 Kd2 47. Nb3+ Kd1 48. Kf2 c1=Q 49. Nxc1 Kxc1 50. Ke3 f5 51. g4 fxg4 52. f5 gxf5 53. Kf4 Kd2 54. Kxf5 h5 55. Kg5 Ke3 56. Kxh5 Kf4 57. Kh4 Nc8 58. Kh5 Ne7 59. Kh4 Nf5+ 60. Kh5 Nd6 61. Kh4 Nf5+ 1/2-1/2

[Event "It (cat.9)"]
[Site "Balatonlelle (Hungary)"]
[Date "2007.06.17"]
[Round "2"]
[White "Sax Gyula (HUN)"]
[Black "Prohaszka Peter (HUN)"]
[Result "1-0"]
[WhiteElo "2527"]
[BlackElo "2443"]
[PlyCount "45"]
[EventDate "2007.??.??"]
[Source "www.chesslib.no"]
[SourceDate "2004.05.04"]

1. e4 c6 2. Ne2 d5 3. e5 c5 4. d4 Nc6 5. c3 Bf5 6. dxc5 e6 7. b4 Nxe5 8. Nd4 Bxb1 9. Bb5+ Nd7 10. Rxb1 Ngf6 11. O-O Qc7 12. Qf3 Be7 13. Bf4 e5 14. Bg3 Ne4 15. Nf5 Bf6 16. Rfd1 O-O-O 17. Rxd5 Ndxc5 18. Rxc5 Nxc5 19. bxc5 Kb8 20. Nd6 b6 21. Bc6 h5 22. h4 Rhf8 23. a4 1-0

[Event "Tungsram"]
[Site "Budapest"]
[Date "1977.??.??"]
[Round "?"]
[White "Castro Rojas, Oscar Humberto"]
[Black "Bronstein, David I"]
[Result "1/2-1/2"]
[WhiteElo "2410"]
[BlackElo "2560"]
[PlyCount "30"]
[EventDate "1977.08.??"]
[Source "ChessBase"]

1. e4 c6 2. Nf3 d5 3. Nc3 dxe4 4. Nxe4 Nf6 5. Ng3 c5 6. d4 e6 7. Bg5 Nbd7 8. dxc5 Qa5+ 9. c3 Qxc5 10. Qa4 Nd5 11. Bd3 h6 12. Bh4 b5 13. Qg4 N7f6 14. Bxf6 Nxf6 15. Qf4 Bb7 1/2-1/2

[Event "FRG Ch int"]
[Site "Berlin West"]
[Date "1971.??.??"]
[Round "?"]
[White "Teschner, Rudolf"]
[Black "Donner, Jan-Hein"]
[Result "1/2-1/2"]
[WhiteElo "2470"]
[BlackElo "2500"]
[PlyCount "80"]
[EventDate "1971.09.??"]
[Source "www.chesslib.no"]
[SourceDate "2004.05.04"]

1. e4 c6 2. Nf3 d5 3. Nc3 dxe4 4. Nxe4 Nf6 5. Nxf6+ exf6 6. Bc4 Bd6 7. Qe2+ Be7 8. O-O O-O 9. Re1 Bd6 10. d4 Nd7 11. Bd3 Nb6 12. Nh4 Qc7 13. g3 Be6 14. Nf5 Bxf5 15. Bxf5 c5 16. dxc5 Qxc5 17. Bd3 Qc7 18. Bd2 Nd7 19. c4 Be5 20. Rab1 Rfe8 21. b4 Nf8 22. Be3 g6 23. c5 f5 24. Bb5 Re7 25. Bf4 f6 26. Be3 Kg7 27. Rbd1 g5 28. Bd4 Ng6 29. Bxe5 Nxe5 30. f4 gxf4 31. gxf4 Ng6 32. Qxe7+ Nxe7 33. Rd7 Qxf4 34. Rexe7+ Kg8 35. Rg7+ Kh8 36. Rxh7+ Kg8 37. Rhg7+ Kh8 38. Rh7+ Kg8 39. Rdg7+ Kf8 40. Rf7+ Kg8 1/2-1/2

[Event "IDS op-29 A"]
[Site "Dortmund"]
[Date "2001.07.16"]
[Round "5"]
[White "Henrichs, Thomas"]
[Black "Saltaev, Mihail"]
[Result "1/2-1/2"]
[WhiteElo "2445"]
[BlackElo "2510"]
[PlyCount "47"]
[EventDate "2001.07.12"]
[Source "www.chesslib.no"]
[SourceDate "2004.05.04"]

1. Nf3 d5 2. g3 c6 3. Bg2 g6 4. O-O Bg7 5. d3 e5 6. Nbd2 Ne7 7. e4 O-O 8. Re1 Qc7 9. b4 d4 10. Bb2 Rd8 11. Bf1 a5 12. a3 c5 13. bxc5 Na6 14. Rc1 Nxc5 15. c3 dxc3 16. Rxc3 a4 17. Qa1 b6 18. Rc2 Nc6 19. Nc4 Nb3 20. Qb1 Qb8 21. Ne3 Ne7 22. Nc4 Nc6 23. Ne3 Ne7 24. Nc4 1/2-1/2

[Event "Minsk"]
[Site "Minsk"]
[Date "1982.??.??"]
[Round "?"]
[White "Rivas Pastor, Manuel"]
[Black "Rodriguez Cespedes, Amador"]
[Result "1/2-1/2"]
[WhiteElo "2470"]
[BlackElo "2485"]
[PlyCount "29"]
[EventDate "1982.05.??"]
[Source "ChessBase"]

1. e4 c6 2. g3 d5 3. exd5 cxd5 4. Bg2 Nf6 5. Ne2 Nc6 6. O-O g6 7. b4 Nxb4 8. Bb2 Bg7 9. Nbc3 O-O 10. Rb1 Nc6 11. Ba1 Rb8 12. Re1 Bf5 13. Qc1 Qd7 14. Qb2 e5 15. d3 1/2-1/2

[Event "Pamplona 9394"]
[Site "Pamplona"]
[Date "1993.??.??"]
[Round "1"]
[White "Seret, Jean Luc"]
[Black "Magem Badals, Jordi"]
[Result "1/2-1/2"]
[WhiteElo "2450"]
[BlackElo "2505"]
[PlyCount "45"]
[EventDate "1993.12.??"]
[Source "ChessBase"]

1. e4 c6 2. Nf3 d5 3. d3 dxe4 4. dxe4 Qxd1+ 5. Kxd1 Nf6 6. Nbd2 Nbd7 7. Ne1 Nc5 8. f3 e5 9. Nc4 Nfd7 10. a4 a5 11. Be3 f6 12. b3 Kd8 13. Kc1 Kc7 14. Kb2 b6 15. c3 Be7 16. Nd3 Rd8 17. Nf2 Ne6 18. g3 Bc5 19. Rd1 Ba6 20. Nd3 Bxe3 21. Nxe3 Ng5 22. h4 Ne6 23. Kc2 1/2-1/2